| 000 | 01654nam a2200397 a 4500 | ||
|---|---|---|---|
| 001 | ebr10705959 | ||
| 003 | CaPaEBR | ||
| 006 | m o u | ||
| 007 | cr cn||||||||| | ||
| 008 | 130307s2013 dcuabd sb 000 0 eng d | ||
| 010 | _z 2013008111 | ||
| 020 | _z9780821398746 | ||
| 020 | _z9780821398753 (e-book) | ||
| 040 |
_aCaPaEBR _cCaPaEBR |
||
| 035 | _a(OCoLC)843538151 | ||
| 043 | _aa-pk--- | ||
| 050 | 1 | 4 |
_aQC903.2.P18 _bI53 2013eb |
| 082 | 0 | 4 |
_a551.48095491 _223 |
| 245 | 0 | 4 |
_aThe Indus Basin of Pakistan _h[electronic resource] : _bthe impacts of climate risks on water and agriculture / _cWinston Yu ... [et al.]. |
| 260 |
_aWashington, D.C. : _bWorld Bank, _c2013. |
||
| 300 |
_axviii, 165 p. : _bill. (chiefly col.), maps (chiefly col.). |
||
| 490 | 1 | _aDirections in development : countries and regions | |
| 504 | _aIncludes bibliographical references. | ||
| 533 |
_aElectronic reproduction. _bPalo Alto, Calif. : _cebrary, _d2013. _nAvailable via World Wide Web. _nAccess may be limited to ebrary affiliated libraries. |
||
| 650 | 0 |
_aClimatic changes _zPakistan. |
|
| 650 | 0 |
_aCrops and climate _zPakistan. |
|
| 650 | 0 |
_aWater resources development _xEnvironmental aspects _zPakistan. |
|
| 651 | 0 |
_aIndus River Watershed _xEconomic conditions. |
|
| 651 | 0 |
_aIndus River Watershed _xEnvironmental conditions. |
|
| 655 | 7 |
_aElectronic books. _2local |
|
| 700 | 1 | _aYu, Winston H. | |
| 710 | 2 | _aWorld Bank. | |
| 710 | 2 | _aebrary, Inc. | |
| 830 | 0 | _aDirections in development (Washington, D.C.) | |
| 856 | 4 | 0 |
_uhttp://site.ebrary.com/lib/rucke/Doc?id=10705959 _zAn electronic book accessible through the World Wide Web; click to view |
| 999 |
_c4610 _d4610 |
||